| 000 | 00637nam a2200229Ia 4500 | ||
|---|---|---|---|
| 003 | GCL | ||
| 008 | 140319s9999 xx 000 0 eng d | ||
| 040 |
_aGCL / _cGCL |
||
| 082 | 0 | 4 |
_a004.67 _bG A |
| 100 | 1 | _aGINSBURG, DAVID | |
| 245 | 1 | 0 |
_aA T M: SOLUTIONS FOR ENTERPRISE INTERNET WORKING / _cGINSBURG, DAVID |
| 260 |
_a[S.N] : _bADDISON - WESLEY PUBLISHING COMPANY ، _c1996 |
||
| 300 | _a569 P | ||
| 650 | 0 | 4 | _aشعر الحرب |
| 650 | 0 | 4 | _aWORLD WIDE WEB |
| 650 | 0 | 4 | _aINFORMATION SYSTEMS |
| 650 | 0 | 4 | _aDATA PROCESSING |
| 650 | 0 | 4 | _aNET WORK |
| 650 | 0 | 4 | _aINTERNET |
| 650 | 0 | 4 | _aINTERNET COMMUMCATIONS |
| 942 |
_2ddc _cBK |
||
| 999 |
_c14407 _d14407 |
||